000 01632nam a2200505 i 4500
001 52055
003 KOSZ 005
005 20211206124114.0
008 060428s2006 pl a f f |001 0 pol
015 _aUWD 2006/9103
020 _a8324602496
035 _a991030084579705066
035 _a(PL-WaBN)b18115378-48omnis_nlop
035 _ab18115378
035 _a(OCoLC)749725578
035 _a(PL)b0000001811537
035 _a(EXLNZ-48OMNIS_NETWORK)9910083606505606
040 _aWA N
_cWA N
_dKOSZ 005/HR
041 1 _apol
_heng
046 _k2006
080 _a004.438
080 _a(07)
100 1 _aLiberty, Jesse
_eAutor
245 1 0 _aVisual C# 2005 /
_cJesse Liberty ; [tł. Przemysław Szeremiota].
246 1 _iTyt. oryg.:
_aVisual C# 2005 :
_ba developer's notebook,
_f2005
260 _aGliwice :
_bWydawnictwo Helion,
_ccop. 2006.
300 _a277, [1] s. :
_bil. ;
_c24 cm.
336 _aTekst
_btxt
_2rdacontent
337 _aBez urządzenia pośredniczącego
_bn
_2rdamedia
338 _aWolumin
_bnc
_2rdacarrier
380 _aKsiążki
380 _aPublikacje fachowe
388 _a2001-
490 1 _aZapiski Programisty
504 _aIndeks.
650 7 _aVisual C#.NET
_2DBN
655 7 _aPodręcznik
_2DBN
658 _aInformatyka i technologie informacyjne
700 1 _aSzeremiota, Przemysław
_eTłumaczenie
710 2 _aHelion
_4pbl
830 0 _aZapiski Programisty
856 _uhttp://koha.tu.koszalin.pl/cgi-bin/koha/opac-detail.pl?biblionumber=52055
_yKatalog online BPK
942 _2UKD
_cKS
999 _c52055
_d52055